| 000 | 02666nam1a22005891i 4500 | ||
|---|---|---|---|
| 001 | RU\NLR\INFOCOMM_253\5000007078 | ||
| 005 | 20240724151255.0 | ||
| 010 | _91000 экз. | ||
| 035 | _a(NLR Aleph) 009167925 | ||
| 090 |
_a8494752 _c8494752 |
||
| 100 | _a20100216g19921993|||y0rusy50 ba | ||
| 101 | 1 | _aeng | |
| 102 | _aRU | ||
| 105 | _ay ||||000|y | ||
| 200 | 1 |
_aBusiness-map 93 _eIndustry _f[Comp.: Oleg V. Yuferev, Vitaly Ye. Samusenko _gTransl. by Sergei A. Iliynykh, Ruslan M. Sultanov] |
|
| 205 | _a2d ed. rev. a. suppl. | ||
| 210 |
_aΜ. _cBusiness inform. agency _d1992-1993 |
||
| 215 | _d21 см | ||
| 300 | _aОбщ. загл. т. 5, 7, 14, 18 : Business-map 92 | ||
| 300 | _aИзд-во т. 5, 7, 14, 18: NTK | ||
| 517 | 1 | _aBusiness-map 92 | |
| 606 |
_aПромышленность _yРоссия _jСправочники _2nlr_sh1 |
||
| 606 |
_aПромышленность _yУкраина _jСправочники _2nlr_sh1 |
||
| 606 |
_aПромышленность _yБелоруссия _jСправочники _2nlr_sh1 |
||
| 606 |
_aПромышленность _yКазахстан _jСправочники _2nlr_sh1 |
||
| 606 |
_aПромышленность _yКыргизстан _jСправочники _2nlr_sh1 |
||
| 606 |
_aПромышленность _yАзербайджан _jСправочники _2nlr_sh1 |
||
| 606 |
_aПромышленность _yАрмения _jСправочники _2nlr_sh1 |
||
| 606 |
_aПромышленность _yУзбекистан _jСправочники _2nlr_sh1 |
||
| 606 |
_aПромышленность _yТаджикистан _jСправочники _2nlr_sh1 |
||
| 606 |
_aПромышленность _yТуркменистан _jСправочники _2nlr_sh1 |
||
| 606 |
_aПромышленность _yГрузия _jСправочники _2nlr_sh1 |
||
| 606 |
_aПромышленность _yПрибалтийский страны _jСправочники _2nlr_sh1 |
||
| 686 |
_aУ30(2Р)я2 _2rubbk |
||
| 686 |
_aУ30(2Ук)я2 _2rubbk |
||
| 686 |
_aУ30(2Б)я2 _2rubbk |
||
| 686 |
_aУ30(2К)я2 _2rubbk |
||
| 686 |
_aУ30(2Ки)я2 _2rubbk |
||
| 686 |
_aУ30(2А)я2 _2rubbk |
||
| 686 |
_aУ30(2Ар)я2 _2rubbk |
||
| 686 |
_aУ30(2У)я2 _2rubbk |
||
| 686 |
_aУ30(2Т)я2 _2rubbk |
||
| 686 |
_aУ30(2Ту)я2 _2rubbk |
||
| 686 |
_aУ30(2Г)я2 _2rubbk |
||
| 686 |
_aУ30(2Ч33)я2 _2rubbk |
||
| 702 | 1 |
_9z02790 _aJuferev _bO. V. _gOleg Vasil'evič _4220 |
|
| 712 | 0 | 2 |
_aBusiness information agency _cMoscow _4570 |
| 790 | 1 |
_9z02702 _aYuferev _bO. V. _gOleg V. _4220 |
|
| 801 | 1 |
_aRU _bNLR _c20100216 |
|
| 801 | 0 |
_aRU _bNLR _gPSBO |
|
| 852 |
_aNLR _jЭк41 Д-3/229 |
||
| 942 | _cBOOK | ||